Plus gros producteur de patate au monde. - Statistiques

Statistiques générales
  • Ce quiz a été pris 173 fois
  • Le résultat moyen est 8 sur 10
Statistiques - réponses
Hint Réponse % Correct
6 271 000 (tonne) France
98%
20 373 267 (tonne) États-Unis
97%
72 040 000 (tonne) Chine
95%
36 784 200 (tonne) Russie
94%
11 604 500 (tonne) Allemagne
88%
26 280 000 (tonne) Inde
86%
11 643 769 (tonne) Pologne
75%
19 102 300 (tonne) Ukraine
75%
8 743 976 (tonne) Biélorussie
41%
7 200 000 (tonne) Pays-bas
40%
Aucun quiz correspondant
Distribution des résultats
% des personnes avec chaque résultat
Percentile par nombre de réponses
Votre historique - résultats
Vous n’avez pas pris ce quiz